Don't Smile - Sabrina Carpenter (All Lyrics) - Statistics

General Stats
  • This quiz has been taken 386 times
  • The average score is 237 of 264
Answer Stats
Lyrics % Correct
I
100%
(I
100%
a
98%
be
98%
because
98%
Don't
98%
don't
98%
(Don't,
98%
it
98%
it,
98%
it's
98%
It's
98%
smile
98%
you
98%
You
98%
baby
97%
Cry
97%
over
97%
happened,
96%
to
96%
me
95%
me,
95%
me)
95%
think
95%
your
95%
about
94%
Every
94%
every
94%
time
94%
her
93%
hold
93%
My
92%
my
92%
when
92%
the
91%
you're
91%
in
90%
in,
90%
Oh,
89%
oh)
89%
supposed
89%
want
89%
(No,
88%
no,
88%
no)
88%
and
85%
is
85%
now,
85%
like
84%
miss
84%
feelings
82%
heart
82%
heavy
81%
hundred
81%
know
81%
Know
81%
wanna
81%
microphone
80%
pounds
80%
fall
79%
for
79%
girls
79%
home
79%
not
79%
phone
79%
take
79%
Take
79%
back
78%
come
78%
happy
78%
hour,
77%
Pour
76%
tempted
76%
are
75%
but
75%
stay
75%
friends
74%
need
73%
takin'
73%
them
73%
lose
72%
Number,
72%
of
72%
one
71%
shots
71%
shower,
70%
way
70%
faster
69%
down
68%
can
67%
fallin'
67%
up
65%
Pick
62%
fake
61%
love
61%
shut
59%
than
45%
(Ooh)
36%
mm,
31%
(Mm)
31%
No matching quizzes found
Score Distribution
Percent of People with Each Score
Percentile by Number Answered
Your Score History
You have not taken this quiz